• 首页
  • 本馆介绍
  • 公告通知
  • 最新文献
  • 馆藏检索
  • 电子资源
  • 读者导购
  • 参考咨询
  • 我的图书馆
  • 登录
  • 详细信息显示
  • 放入我的书架
  • 预约/预借图书
  • 作者相关作品
  • 分类相关作品
  • 丛书相关作品
  • 出版社相关作品

书目信息

  • 表格格式
  • 工作单格式
  • 卡片格式
题名:
我国国情与经济社会发展战略
    
 
作者: 魏礼群 , 刘洪 著
分册:  
出版信息: 北京   红旗出版社  1982
页数: 120页
开本: 19cm
丛书名: 理论学习丛书
单 册:
中图分类: F120.4
科图分类:
主题词: 经济发展战略--中国
电子资源:
ISBN:
000 00734nam2 2200265 45
001 0182008798
005 20060731163449.64
010    @dCNY0.32
091    @aCN@b4160.006
100    @a19950413d1982 em y0chiy0121 ea
101 0  @achi
102    @aCN@b110000
105    @ay z 000yy
200 10 @a我国国情与经济社会发展战略@Awo guo guo qing yu jing ji she hui fa zhan zhan lue@f刘洪,魏礼群著
210    @a北京@c红旗出版社@d1982
215    @a120页@d19cm
225 2  @a理论学习丛书
410  0 @120010@a理论学习丛书
606    @a经济发展战略@y中国
690    @aF120.4@v3
701  0 @a魏礼群@Awei li qun@4著
701  0 @a刘洪@Aliu hong@4编
801  2 @aCN@bNLC@c20060731
801  0 @aCN@bTSSF
905    @a10447@dF120.4@e145
    
    我国国情与经济社会发展战略/刘洪,魏礼群著.-北京:红旗出版社,1982
    120页;19cm.-(理论学习丛书)
    
    
    ISBN :CNY0.32
    
●
相关链接 在E读中查询图书 在五车中查询图书 在当当中查询图书 在豆瓣中查询图书


正题名:我国国情与经济社会发展战略     索取号:F120.4/145         预约/预借

序号 登录号 条形码 馆藏地/架位号 状态 备注
1 0440989   204409899   密集书库/ [索取号:F120.4/145] 在馆    
2 0440990   204409906   密集书库/ [索取号:F120.4/145] 在馆    
唐山师范学院图书馆 欢迎您!
大连网信软件有限公司© 版权所有